Responses for show #6423 - Wednesday, July 18, 2012

Contestants

[<< previous game]

Julie Bratvold Ghanbari, a stay-at-home mom from San Diego, California

Elisa Leigan, a mental health therapist from San Luis Obispo, California

Dan Burke, a high school theology teacher from Chicago, Illinois (whose 1-day cash winnings total $26,798)

[next game >>]

Jeopardy! Round responses

MYSTERIES & THRILLERS
CHINESE ZODIAC ANIMALS
BEGINS & ENDS IN "K"
NO BED BUT BATH & BEYOND
POTPOURRI
ADDRESSING THE BALLPARK
(Alex: We'll give you the address, you tell us the team that plays there as their home field.)
    $200 4
11/22/63

Elisa
    $200 16
Kodiak

Julie
    $200 21
Irish Spring

Dan
    $200 11
(Elisa: What is 4?)
...
(Alex: They always add up to 7. So if a 2's on top, [*]'s on the bottom.)

5

Elisa
Triple Stumper
    $200 1
the (Kansas City) Royals

Dan
    $400 5
the silence of the lambs

Dan
    $400 17
Colonel Klink

Elisa
    $400 22
(Alex: With a minute to go, you're right.)

Chanel

Julie
    $400 12
Juan Valdez

Dan
    $400 2
the Giants

Dan
    $600 8
(Stephanie) Plum

Julie
    $600 27
rat

Julie
    $600 18
(Dan: [no response])
(Elisa: What are kith & kin?)

kinfolk

DanElisa
Triple Stumper
    $600 23
Old Spice

Elisa
    $600 13
tarot cards

Elisa
    $600 3
(Dan: Who are the Red Sox?)

the Orioles

DanJulie
    $1,200 9
(Julie: Uh, what is The Long Goodbye?)

The Maltese Falcon

Julie
    $800 26
the tiger

Elisa
    $800 19
his knapsack

Julie
    $800 24
Sensodyne

Dan
    $800 14
a calculator

Dan
    $800 6
the Angels

Dan
    $1000 10
(Philip) Marlowe

Dan
    $1000 25
the ox

Dan
    $1000 20
a kopeck

Elisa
    $1000 28
[The end-of-round signal sounds.]

L'Oréal

Elisa
    $1000 15
a widow

Julie
    $1000 7
the (Cincinnati) Reds

Dan

Scores at the first commercial break (after clue 15):

Dan Elisa Julie
$4,400 $600 $1,000

Scores at the end of the Jeopardy! Round:

Dan Elisa Julie
$5,800 $3,800 $3,000

Double Jeopardy! Round responses

THE OED SEZ
(Alex: The Oxford English Dictionary.)
CRAZY ABOUT QUEBEC
IT'S AN OLYMPIC YEAR!
"C" MONSTERS
OPUS & OPERA
FILL IN THE BEST PICTURE TITLE
    $400 11
a hacker

Elisa
    $400 26
Montreal

Julie
    $400 16
(Dan: What is 1972?)

1976

DanJulie
    $400 6
centaurs

Julie
    $400 21
the witch

Julie
    $400 1
My Fair Lady

Dan
    $800 12
patricide

Elisa
    $800 27
[The end-of-round signal sounds.]

the St. Lawrence

Julie
    $800 17
2000

Elisa
    $800 7
Cerberus

Julie
    $800 22
variations

Julie
    $800 2
An American in Paris

Dan
    $1200 13
a cataract

Julie
    $1200 18
1936

Julie
    $1200 8
Charybdis

Dan
    $1200 23
Beethoven

Julie
    $1200 3
(Alex: [looking at the camera] We don't like that show, do we? [raises eyebrows])

Slumdog Millionaire

Triple Stumper
    $1600 14
a dream catcher

Dan
    $1600 19
1984

Dan
    $1600 9
Caliban

Julie
    $1600 24
(Elisa: What is Pomp and Circumstance?)
...
(Alex: Less than a minute to go now.)

Starlight Express

ElisaJulie
    $1600 4
Grand Hotel

Julie
    $2000 15
(Julie: What is a hypothesis?)

a premise

Julie
Triple Stumper
    $2000 20
(Elisa: What is 1962?)
(Julie: What is 1968?)
(Dan: What is 1956?)

1960

DanElisaJulie
Triple Stumper
    $2,000 10
a Chimera

Julie
    $2,500 25
(Julie: Uh, Tchai--who is Tchaikovsky?)

Antonin Dvorak

Julie
    $2000 5
The Lost Weekend

Triple Stumper

Scores at the end of the Double Jeopardy! Round:

Dan Elisa Julie
$9,000 $2,200 $10,900

[wagering suggestions for these scores]

Final Jeopardy! Round responses

BRITISH HISTORY
ElisaWho is James II?
$0
DanWho was Charles II?
$8,997
JulieWho is Charles I
$7,101
Charles I

Final scores:

Dan Elisa Julie
$3 $2,200 $18,001
3rd place: $1,000 2nd place: $2,000 New champion: $18,001

Game dynamics:

Coryat scores:

Dan Elisa Julie
$9,000 $2,200 $14,600
16 R,
4 W
10 R,
4 W
21 R
(including 1 DD),
4 W
(including 2 DDs)

Combined Coryat: $25,800

The J! Archive is created by fans, for fans. The Jeopardy! game show and all elements thereof, including but not limited to copyright and trademark thereto, are the property of Jeopardy Productions, Inc. and are protected under law. This website is not affiliated with, sponsored by, or operated by Jeopardy Productions, Inc. Join the discussion at JBoard.tv.